|
|
|
|
| LEADER |
00000nta a2200000 i 4500 |
| 001 |
dolg1967 |
| 005 |
20160412155327.0 |
| 008 |
150824suuuu hu om 000 hun d |
| 040 |
|
|
|a BGE Dolgozattár Repozitórium
|b hun
|
| 041 |
|
|
|a hu
|
| 100 |
1 |
|
|a Kovács Zsófia
|
| 245 |
1 |
0 |
|a EKAER – avagy az elmúlt évtizedek legnagyobb kihívása az ellátási lánc szereplői számára
|c Kovács Zsófia
|h [elektronikus dokumentum]
|
| 246 |
1 |
1 |
|a EKAER – avagy az elmúlt évtizedek legnagyobb kihívása az ellátási lánc szereplői számára
|
| 695 |
|
|
|a EKAER
|
| 695 |
|
|
|a Ellátási lánc
|
| 700 |
1 |
|
|a Orbán Dr. Gabriella
|e ths
|
| 856 |
4 |
0 |
|u http://dolgozattar.uni-bge.hu/1967/1/Kov%C3%A1cs_Zs%C3%B3fia_szakdolgozat.pdf
|z Dokumentum-elérés
|
| 856 |
4 |
0 |
|u http://dolgozattar.uni-bge.hu/1967/2/Szakdolgozat_Kovacs_Zsofia.pdf
|z Dokumentum-elérés
|